000 00831cam a22002415a 4500
001 18616840
005 20201128023724.0
008 150513s2016 enka frbd 001 0 eng d
020 _a9780128000588
040 _aDLC
_beng
_cDLC
_dEG-ScBUE
082 0 4 _222
_a624.25
_bPIP
245 0 0 _aInnovative bridge design handbook :
_bconstruction, rehabilitation and maintenance /
_cedited by Alessio Pipinato.
260 _aOxford ;
_aWaltham :
_bButterwoth Heinemann / Elsevier,
_cc.2016.
300 _axxxii, 844 p. :
_bill. ;
_c23 cm.
500 _aGlossary : p. [817]-818.
500 _aIndex : p. [819]-844.
504 _aIncludes bibliographical references.
650 7 _2BUEsh
_92081
_aBridges
_xDesign and construction.
651 _2BUEsh
653 _bENGARC
_cApril2016
700 _aPipinato, Alessio,
_eeditor.
942 _2ddc
999 _c21641
_d21613